Vista normal
Vista MARC
Entrada Topical Term
Número de registros utilizados en: 1
001 - CONTROL NUMBER
- control field: 38326
003 - CONTROL NUMBER IDENTIFIER
- control field: OSt
005 - DATE AND TIME OF LATEST TRANSACTION
- control field: 20210610135954.0
008 - FIXED-LENGTH DATA ELEMENTS
- fixed length control field: 210610|| aca||aabn | a|a d
040 ## - CATALOGING SOURCE
- Original cataloging agency: OSt
- Transcribing agency: OSt
150 ## - HEADING--TOPICAL TERM
- Topical term or geographic name entry element: Protección del medio ambiente
- General subdivision: Aspectos económicos
- Geographic subdivision: América Latina
670 ## - SOURCE DATA FOUND
- Source citation: Work cat.: (OSt)7984: Guzmán Aguilera, Patricia, 16000 autora, Biodiversidad, derecho y negocios : , 2013